Epic Movie Quotes - Statistics

General Stats
  • This quiz has been taken 182 times
    177 since last reset
  • The average score is 11 of 15
Answer Stats
Hint Answer % Correct
E.T. phone home E.T.
98%
Luke, I am your father Star Wars: The Empire Strikes Back
93%
You're a wizard, Harry Harry Potter and the Sorcerer's Stone
89%
Mama always said life was a box of chocolates. You never knew what you were going to get Forrest Gump
82%
I'll be back Terminator
82%
Toto, I've a feeling we aren't in Kansas anymore Wizard of Oz
82%
I'm the king of the world! Titanic
77%
I see dead people The Sixth Sense
76%
Here's Johnny! The Shining
75%
You're gonna need a bigger boat Jaws
74%
They may take our lives, but they will never take our freedom! Braveheart
61%
I feel the need- the need for speed! Top Gun
54%
Bond. James Bond Dr. No
47%
There's no crying in baseball! A League of Their Own
43%
Release the Kraken Clash of the Titans
24%
No matching quizzes found
Score Distribution
Percent of People with Each Score
Percentile by Number Answered
Your Score History
You have not taken this quiz since the last reset